[Event "9th Semana Santa Alicante"]
[Site "San Vicente ESP"]
[Date "2025.04.17"]
[Round "2.9"]
[White "Otero Marino, Alain"]
[Black "Sethuraman, S.P."]
[Result "1/2-1/2"]
[WhiteTitle "IM"]
[BlackTitle "GM"]
[WhiteElo "2275"]
[BlackElo "2548"]
[WhiteFideId "3524876"]
[BlackFideId "5021596"]
[EventDate "2025.04.16"]

1. e4 c5 2. Nf3 Nc6 3. Bb5 g6 4. O-O Bg7 5. c3 Nf6 6. Re1 Qb6 7. a4 O-O 8. h3
Rd8 9. Na3 d6 10. d3 Bd7 11. Bc4 Be8 12. Ba2 Ne5 13. Nxe5 dxe5 14. Nc4 Qc7 15.
Qc2 Nh5 16. Be3 Nf4 17. Bxf4 exf4 18. Nd2 b6 19. Nf3 e6 20. Bb3 a6 21. Qe2 Bc6
22. e5 Rd7 23. d4 Qb7 24. dxc5 bxc5 25. Bc4 h6 26. b3 Rad8 27. Rab1 a5 28. Rb2
Rb8 29. Rbb1 Rbd8 30. Rb2 Qb8 31. Ra2 Rb7 32. Rd2 Rxd2 33. Nxd2 Qc7 34. Bb5 Bd5
35. c4 Bc6 36. Nf3 Rb8 37. h4 Ba8 38. h5 g5 39. Nh2 Rd8 40. Ng4 Rd4 41. f3 Qd8
42. Qf2 Bb7 43. Kh2 Kh8 44. Kg1 Bf8 45. Kh2 Kg7 46. Kg1 Be7 47. Kh2 Rd3 48. Qf1
Qd4 49. Nf2 Rd2 50. Re2 Qb2 51. Rxd2 Qxd2 52. Ng4 Qc2 53. Qf2 Qd3 54. Qe1 Bd8
55. Qf2 Be7 56. Qe1 Qc2 57. Qf2 Qd1 58. Qb2 Qe1 59. Qf2 Qd1 60. Qb2 Qd3 61. Qf2
Bc8 62. Qb2 Kh7 63. Bc6 Kg7 64. Be4 Qd1 65. Qc3 Qd8 66. Qe1 Bd7 67. Qe2 Be8 68.
Bb1 Bc6 69. Qc2 Qh8 70. Qc3 Qd8 71. Qc2 Qh8 1/2-1/2

[Event "9th Semana Santa Alicante"]
[Site "San Vicente ESP"]
[Date "2025.04.17"]
[Round "2.10"]
[White "Iglesias Ferreira, Andres"]
[Black "Pranav, Anand"]
[Result "1/2-1/2"]
[WhiteTitle "FM"]
[BlackTitle "GM"]
[WhiteElo "2269"]
[BlackElo "2538"]
[WhiteFideId "54507669"]
[BlackFideId "46626786"]
[EventDate "2025.04.16"]

1. e4 c5 2. Nf3 d6 3. d4 cxd4 4. Nxd4 Nf6 5. Nc3 a6 6. Bg5 e6 7. f4 h6 8. Bh4
Qb6 9. a3 Nbd7 10. Bc4 e5 11. fxe5 dxe5 12. Nf5 g6 13. Nd5 Nxd5 14. Qxd5 Rh7 15.
O-O-O gxf5 16. exf5 Be7 17. Bxe7 Kxe7 18. Qe4 Kf8 19. Rd2 Qc6 20. Bd5 Qc7 21.
Qh4 a5 22. Rd3 Ra6 23. Rc3 Nc5 24. Qf2 b6 25. f6 Ra7 26. Rd1 Bd7 27. b4 axb4 28.
axb4 Ra1+ 29. Kd2 Ne4+ 30. Bxe4 Rxd1+ 31. Kxd1 Qxc3 32. Bxh7 Bg4+ 33. Kc1 Qa3+
34. Kd2 Qxb4+ 35. Kc1 Qa3+ 36. Kd2 Qd6+ 37. Kc1 Ke8 38. Bd3 Qa3+ 39. Kd2 Qb4+
40. Kc1 Kd7 41. Bf5+ Bxf5 42. Qxf5+ Kd6 43. Qd3+ Kc7 44. Qf5 Qd4 45. g4 e4 46.
Qf4+ Kc6 47. h4 Kd5 48. Qd2 e3 49. Qxd4+ Kxd4 50. g5 hxg5 51. hxg5 Ke5 52. g6
Kxf6 53. gxf7 Kxf7 54. Kd1 Ke6 55. Ke2 Kd5 56. Kxe3 Kc4 57. Kd2 b5 58. Kc1 Kc3
59. Kb1 b4 60. Kc1 b3 61. cxb3 Kxb3 1/2-1/2

[Event "9th Semana Santa Alicante"]
[Site "San Vicente ESP"]
[Date "2025.04.17"]
[Round "2.11"]
[White "Heberla, Bartlomiej"]
[Black "Nayak, Rajesh"]
[Result "1-0"]
[WhiteTitle "GM"]
[BlackTitle "FM"]
[WhiteElo "2523"]
[BlackElo "2277"]
[WhiteFideId "1115120"]
[BlackFideId "35017152"]
[EventDate "2025.04.16"]

1. e4 c5 2. Nf3 Nc6 3. d4 cxd4 4. Nxd4 Nf6 5. Nc3 d6 6. Bc4 Qb6 7. Nb3 e6 8. Bf4
Ne5 9. Be2 a6 10. Be3 Qc7 11. f4 Nc4 12. Bxc4 Qxc4 13. Qf3 Qc7 14. Bd4 b5 15.
Bxf6 gxf6 16. a3 Bb7 17. f5 O-O-O 18. O-O Kb8 19. Kh1 h5 20. Qh3 Re8 21. Nd4 Qc5
22. Rad1 Qe5 23. Qh4 Be7 24. Rd3 Reg8 25. h3 Rg7 26. b4 Rhg8 27. Rg1 Rc8 28. Qf2
h4 29. Qe3 Bd8 30. Nf3 Rg3 31. Nxe5 Rxe3 32. Nd7+ Kc7 33. Rxe3 Kxd7 34. Rd1 Ke7
35. Red3 Bc7 36. Kg1 Bb8 37. Kf1 Rc4 38. R1d2 Bc6 39. Re2 Ba7 40. Nd5+ Kf8 41.
fxe6 fxe6 42. Nxf6 Ke7 43. Rf3 Bd4 44. Nd5+ Kd8 45. Rf8+ Kd7 46. Rf7+ Kd8 47.
Nf4 Bd7 48. Ng6 Bb2 49. Rd2 Rc6 50. Rh7 Be8 51. Nf4 Bd7 52. Nd3 Bxa3 53. Rf2 Be8
54. Rf8 Rc8 55. Nf4 1-0

[Event "9th Semana Santa Alicante"]
[Site "San Vicente ESP"]
[Date "2025.04.17"]
[Round "2.12"]
[White "Orantes Taboada, Francisco"]
[Black "Vrolijk, Liam"]
[Result "1/2-1/2"]
[WhiteTitle "FM"]
[BlackTitle "GM"]
[WhiteElo "2266"]
[BlackElo "2520"]
[WhiteFideId "22274758"]
[BlackFideId "1048333"]
[EventDate "2025.04.16"]

1. Nf3 Nf6 2. g3 g6 3. Bg2 Bg7 4. O-O O-O 5. d4 d6 6. b3 b5 7. Bb2 Bb7 8. c4
bxc4 9. bxc4 Nbd7 10. Qb3 Rb8 11. Qa3 e5 12. Nbd2 exd4 13. Bxd4 c5 14. Bc3 Qc7
15. Rfd1 Nb6 16. Rac1 Rfe8 17. e3 Bc6 18. Ba1 h5 19. h4 Rbd8 20. Ne1 Ba4 21. Nb3
Qe7 22. Nd3 d5 23. Nb2 Bxb3 24. Qxb3 dxc4 25. Nxc4 Rxd1+ 26. Rxd1 Rd8 27. Rxd8+
Qxd8 28. Nxb6 axb6 29. Bxf6 Bxf6 1/2-1/2

[Event "9th Semana Santa Alicante"]
[Site "San Vicente ESP"]
[Date "2025.04.17"]
[Round "2.13"]
[White "Ioannidis, Evgenios"]
[Black "Perossa, Nicolas"]
[Result "1-0"]
[WhiteTitle "GM"]
[BlackTitle "FM"]
[WhiteElo "2513"]
[BlackElo "2274"]
[WhiteFideId "4229274"]
[BlackFideId "2850520"]
[EventDate "2025.04.16"]

1. d4 d5 2. c4 e6 3. Nc3 Nf6 4. cxd5 exd5 5. Bg5 c6 6. e3 h6 7. Bh4 Be7 8. Bd3
O-O 9. Bg3 c5 10. dxc5 Bxc5 11. Nge2 Nc6 12. O-O Bg4 13. h3 Bxe2 14. Nxe2 Ne4
15. Bxe4 dxe4 16. Rc1 Qxd1 17. Rfxd1 Bb6 18. Rd7 Nb4 19. Rc4 Nd3 20. Rxb7 Rfe8
21. b4 Rac8 22. Rxc8 Rxc8 23. a3 Rc2 24. Nf4 Nxf4 25. Bxf4 Ra2 26. Re7 Rxa3 27.
Rxe4 Rc3 28. g4 Rc8 29. Kg2 f6 30. Re7 Rd8 31. Kf3 Kh7 32. h4 Rd5 33. Rb7 Rd2
34. Bb8 Ra2 35. Bd6 Kg8 36. g5 hxg5 37. hxg5 fxg5 38. Be5 Kh7 39. Rxg7+ Kh6 40.
Rg8 Kh5 41. Kg3 Rd2 42. Bf6 Rd5 43. e4 Rb5 44. e5 Rxb4 45. e6 Bxf2+ 46. Kxf2
Rf4+ 47. Kg3 Rg4+ 48. Kf3 Rf4+ 49. Ke3 Rxf6 50. Re8 Kg6 51. Kd4 Kg7 52. Ke5 Rf2
53. Rd8 Re2+ 54. Kd6 Rd2+ 55. Ke7 Re2 56. Kd6 Rd2+ 57. Kc7 Re2 58. Kd7 Rd2+ 59.
Ke8 Re2 60. e7 Kf6 61. Rd6+ Kf5 62. Kf7 Rxe7+ 63. Kxe7 g4 64. Kf7 g3 65. Ra6 g2
66. Rg6 1-0

[Event "9th Semana Santa Alicante"]
[Site "San Vicente ESP"]
[Date "2025.04.17"]
[Round "2.14"]
[White "Priansh, Das"]
[Black "Balakrishnan, Praveen"]
[Result "1/2-1/2"]
[WhiteTitle "FM"]
[BlackTitle "GM"]
[WhiteElo "2262"]
[BlackElo "2489"]
[WhiteFideId "45029946"]
[BlackFideId "2064871"]
[EventDate "2025.04.16"]

1. e4 e5 2. Nf3 Nc6 3. Bc4 Nf6 4. d3 Be7 5. O-O O-O 6. Re1 d6 7. a4 Be6 8. Bxe6
fxe6 9. c3 h6 10. b4 a6 11. Nbd2 d5 12. Bb2 b5 13. axb5 axb5 14. Rxa8 Qxa8 15.
exd5 exd5 16. Nxe5 Nxe5 17. Rxe5 Bd6 18. Re1 Qc8 19. Qe2 Re8 20. Qd1 Rf8 21. Qe2
Re8 22. Qd1 1/2-1/2

[Event "9th Semana Santa Alicante"]
[Site "San Vicente ESP"]
[Date "2025.04.17"]
[Round "2.15"]
[White "Diaz Camallonga, Carles"]
[Black "Bressac, Stephane"]
[Result "1/2-1/2"]
[WhiteTitle "IM"]
[BlackTitle "IM"]
[WhiteElo "2487"]
[BlackElo "2268"]
[WhiteFideId "22235256"]
[BlackFideId "655945"]
[EventDate "2025.04.16"]

1. Nf3 Nf6 2. g3 g6 3. Bg2 Bg7 4. d4 O-O 5. c4 d6 6. Nc3 Nbd7 7. O-O e5 8. e4 c6
9. h3 exd4 10. Nxd4 Qb6 11. Nde2 Nc5 12. Qc2 Ne8 13. Be3 f5 14. exf5 Bxf5 15.
Qd2 Qb4 16. b3 a5 17. g4 Bc8 18. Rfb1 Qb6 19. Rd1 Qb4 20. Rab1 a4 21. Ne4 Qxd2
22. Rxd2 axb3 23. axb3 Nxe4 24. Bxe4 Nf6 25. Bg2 d5 26. cxd5 Nxd5 27. Bxd5+ cxd5
28. Rxd5 h5 29. gxh5 Bxh3 30. Nf4 Bf5 31. Rc1 Be4 32. Rd7 Bc6 33. Re7 gxh5 34.
Nxh5 Rf7 35. Rxf7 Kxf7 36. Nxg7 Kxg7 37. b4 Kf7 38. Rc5 Ra1+ 39. Kh2 Rb1 40. Rc4
Ke6 41. Kg3 Rg1+ 42. Kf4 Rh1 43. Kg5 Rg1+ 44. Kh6 Rh1+ 45. Kg6 Be8+ 46. Kg5 Rg1+
47. Kf4 Bc6 48. Rc5 Bd5 49. Rc3 Rb1 50. Bc5 Rb3 51. Rc1 b6 52. Re1+ Kd7 53. Rd1
Ke6 54. Bxb6 Rxb4+ 55. Bd4 Rb3 56. Re1+ Kf7 57. Ke5 Be6 58. Kd6 Rd3 59. Re4 Bf5
60. Rf4 Kg6 61. Ke5 Rb3 62. Bc5 Rb5 63. Rc4 Rb8 64. Kf4 Rh8 65. Be7 Be6 66. Rc6
Kf7 67. Rc7 Rc8 68. Ra7 Kg6 69. Ke5 Bh3 70. Ra3 Bd7 71. Rd3 Bb5 72. Rb3 Bc4 73.
Rg3+ Kf7 74. Kd6 Be2 75. Re3 Bg4 76. Ra3 Rc2 77. Bh4 Re2 78. Bg3 Kg6 79. f3 Bf5
80. Be5 Rd2+ 81. Ke7 Rd7+ 82. Ke8 Be6 83. f4 Kf5 84. Rg3 Rb7 85. Rg5+ Ke4 86.
Bd6 Bf5 87. Kf8 Rd7 88. Be5 Rb7 89. Rg1 Be6 90. Bd6 Rf7+ 91. Ke8 Rh7 92. Ra1
Bd7+ 93. Kd8 Be6 94. Re1+ Kf5 95. Be7 Bc4 96. Bg5 Bd3 97. Re5+ Kg4 98. Ke8 Bg6+
99. Kf8 Rf7+ 100. Kg8 Rb7 101. Bh6 Bh7+ 102. Kf8 Bf5 103. Re1 Kf3 104. Bg5 Rd7
105. Rh1 Rb7 106. Rh6 Rd7 1/2-1/2

[Event "9th Semana Santa Alicante"]
[Site "San Vicente ESP"]
[Date "2025.04.17"]
[Round "2.17"]
[White "Berdayes Ason, Dylan Isidro"]
[Black "Benedetti, Julio"]
[Result "1-0"]
[WhiteTitle "GM"]
[BlackTitle "IM"]
[WhiteElo "2478"]
[BlackElo "2258"]
[WhiteFideId "3516016"]
[BlackFideId "172545"]
[EventDate "2025.04.16"]

1. d4 Nf6 2. c4 c5 3. d5 b5 4. cxb5 a6 5. bxa6 g6 6. Nc3 Bxa6 7. e4 Bxf1 8. Kxf1
d6 9. g3 Bg7 10. Kg2 O-O 11. Nf3 Nbd7 12. a4 Qb6 13. Qc2 Rfb8 14. Nb5 Ne8 15.
Bd2 Nc7 16. Nxc7 Qxc7 17. Rhb1 Qb7 18. Ra3 Qa6 19. a5 Rb7 20. b4 Rab8 21. Rab3
c4 22. b5 cxb3 23. bxa6 bxc2 24. Rxb7 Rxb7 25. axb7 Nb8 26. Kf1 Bc3 27. Ke2 e5
28. Ne1 Bxa5 29. Nxc2 Bc7 30. Kd3 f5 31. f3 Kf7 32. Kc4 fxe4 33. fxe4 Nd7 34.
Be3 Ke8 35. Nb4 1-0

[Event "9th Semana Santa Alicante"]
[Site "San Vicente ESP"]
[Date "2025.04.17"]
[Round "2.18"]
[White "Ovejero, Juan Manuel"]
[Black "Santiago, Yago De Moura"]
[Result "0-1"]
[BlackTitle "GM"]
[WhiteElo "2257"]
[BlackElo "2475"]
[WhiteFideId "111112"]
[BlackFideId "2103877"]
[EventDate "2025.04.16"]

1. e4 e6 2. d4 d5 3. Nc3 Nf6 4. e5 Nfd7 5. f4 c5 6. Nf3 Nc6 7. Be3 a6 8. Qd2 b5
9. a3 Qc7 10. Be2 Bb7 11. O-O O-O-O 12. a4 b4 13. Nd1 cxd4 14. Nxd4 Nc5 15. Nf2
g5 16. fxg5 Nxe5 17. Bf4 Bd6 18. Nd3 Ne4 19. Qe1 Nxd3 20. Bxd6 Qb6 21. cxd3
Qxd4+ 0-1

[Event "9th Semana Santa Alicante"]
[Site "San Vicente ESP"]
[Date "2025.04.17"]
[Round "2.19"]
[White "Tulliez, Andre"]
[Black "Fernandez Guillen, Ernesto J."]
[Result "0-1"]
[WhiteTitle "FM"]
[BlackTitle "IM"]
[WhiteElo "2254"]
[BlackElo "2474"]
[WhiteFideId "45107181"]
[BlackFideId "3512428"]
[EventDate "2025.04.16"]

1. e4 c5 2. Nf3 g6 3. d4 cxd4 4. Nxd4 Bg7 5. Nc3 Nc6 6. Be3 Qa5 7. Qd2 Nf6 8.
Nb3 Qc7 9. f3 O-O 10. O-O-O d6 11. g4 Be6 12. g5 Nh5 13. Nb5 Qc8 14. Kb1 Ne5 15.
Nxa7 Qb8 16. Qf2 Nxf3 17. Qxf3 Rxa7 18. Bxa7 Qxa7 19. Bh3 Ra8 20. a3 Bxb2 21.
Kxb2 Qxa3+ 22. Kc3 Bxb3 23. cxb3 Qc5+ 24. Kd2 Ra2+ 25. Ke1 e5 26. Bg4 Nf4 27.
Kf1 Qb5+ 0-1

[Event "9th Semana Santa Alicante"]
[Site "San Vicente ESP"]
[Date "2025.04.17"]
[Round "2.20"]
[White "Castellanos Rodriguez, Renier"]
[Black "Donker, Roel"]
[Result "1-0"]
[WhiteTitle "GM"]
[BlackTitle "CM"]
[WhiteElo "2471"]
[BlackElo "2258"]
[WhiteFideId "3404650"]
[BlackFideId "1031660"]
[EventDate "2025.04.16"]

1. e4 e5 2. Nf3 Nc6 3. Bc4 Bc5 4. d3 Nf6 5. O-O O-O 6. Bg5 h6 7. Bh4 Be7 8. Bg3
d6 9. c3 Kh8 10. Re1 Nh7 11. d4 Bg4 12. Be2 f5 13. exf5 exd4 14. Nxd4 Nxd4 15.
Bxg4 Nxf5 16. Nd2 Nxg3 17. hxg3 Nf6 18. Bf5 Nd7 19. Bc2 Bf6 20. Qh5 Re8 21. Nf3
Nf8 22. g4 c6 23. Rad1 d5 24. g5 Bxg5 25. Ne5 Qf6 26. Nf7+ Kg8 27. Rxe8 Rxe8 28.
Nxh6+ Qxh6 29. Qxe8 Bc1 30. c4 d4 31. c5 1-0

[Event "9th Semana Santa Alicante"]
[Site "San Vicente ESP"]
[Date "2025.04.17"]
[Round "2.21"]
[White "Leone Amigot, Haymar"]
[Black "Gines Esteo, Pedro Antonio"]
[Result "1/2-1/2"]
[BlackTitle "GM"]
[WhiteElo "2241"]
[BlackElo "2469"]
[WhiteFideId "54506476"]
[BlackFideId "32080190"]
[EventDate "2025.04.16"]

1. e4 c6 2. Nc3 d5 3. Nf3 Bg4 4. h3 Bxf3 5. Qxf3 Nf6 6. d4 dxe4 7. Qe3 e6 8.
Nxe4 Nbd7 9. Be2 Nxe4 10. Qxe4 Nf6 11. Qd3 Bd6 12. O-O Qc7 13. Bf3 Bh2+ 14. Kh1
Bf4 15. Be3 O-O 16. c3 Rad8 17. Rad1 Rfe8 18. Rfe1 g6 19. Kg1 Kg7 20. g3 Bxe3
21. Qxe3 Rd7 22. Qe5 Red8 23. Qxc7 Rxc7 24. b4 Nd5 25. Rd3 Ra8 26. Rb1 Nb6 27.
Bd1 a5 28. a4 axb4 29. Rxb4 Nd5 30. Rb1 Ra5 31. c4 Ne7 32. Rb4 Rd7 33. Bc2 Ra8
34. c5 Nd5 35. Rb1 Kf8 36. Kf1 Ke7 37. Ke2 Kd8 38. Bb3 Ne7 39. Bc2 Nf5 40. Rb4
Kc7 41. g4 Ne7 42. Rdb3 Ra7 43. Be4 f5 44. Bf3 g5 45. Re3 Ng6 46. Kd2 Nf4 47.
Re5 Rf7 48. Ke3 Ra8 49. gxf5 Rxf5 50. h4 Rxe5+ 51. dxe5 h6 52. hxg5 hxg5 53. Rc4
Rh8 54. Rc1 Rf8 55. Rg1 Rf5 56. Be4 Nd5+ 57. Kd4 Rxf2 58. Rxg5 Ra2 59. Rg7+ Kb8
60. Rg8+ Ka7 61. Bxd5 cxd5 62. Re8 Rxa4+ 63. Kd3 Ra3+ 64. Kd4 Ra4+ 65. Kd3 Ra6
66. Kc3 Rc6 67. Kb4 b6 68. cxb6+ Kxb6 69. Re7 Rc4+ 70. Kb3 Rc6 71. Kb4 Ka6 72.
Ka4 Rb6 73. Rd7 Rc6 74. Re7 d4 75. Rd7 Kb6 76. Kb4 Rc1 77. Rd6+ Kc7 78. Rxe6 1/2-1/2

[Event "9th Semana Santa Alicante"]
[Site "San Vicente ESP"]
[Date "2025.04.17"]
[Round "2.22"]
[White "Camacho Collados, Marcos"]
[Black "Lauda, Alexandr"]
[Result "1-0"]
[WhiteTitle "IM"]
[BlackTitle "CM"]
[WhiteElo "2468"]
[BlackElo "2255"]
[WhiteFideId "2266237"]
[BlackFideId "13903179"]
[EventDate "2025.04.16"]

1. Nf3 Nf6 2. d4 g6 3. Bg5 Bg7 4. Nbd2 d5 5. e3 O-O 6. Bd3 Nbd7 7. h3 c5 8. c3
b6 9. O-O Bb7 10. Bf4 Re8 11. Ne5 Qc8 12. Re1 Nxe5 13. Bxe5 Bf8 14. Rc1 Nd7 15.
Bg3 e5 16. dxe5 Nxe5 17. Bb5 Bc6 18. Bxc6 Qxc6 19. Nf3 Bg7 20. Bxe5 Bxe5 21. Qc2
Bf6 22. Re2 a5 23. Rd1 a4 24. Red2 Red8 25. a3 h5 26. Rd3 Kg7 27. Qd2 Qb5 28.
Qc2 Qc6 29. Ne1 Rac8 30. Qe2 Qb5 31. Kf1 Qb3 32. R3d2 b5 33. Nd3 d4 34. cxd4
cxd4 35. e4 Bg5 36. f4 Bh4 37. Kg1 Qe6 38. Qf3 Re8 39. e5 Bd8 40. Nf2 Ba5 41.
Rxd4 Rc2 42. Rd6 Qc4 43. Nd3 Bc7 44. Rd7 Bb6+ 45. Kh2 Re6 46. Rf1 Qc8 47. Rd5
Re7 48. Rxb5 Bd4 49. Rb4 Qd7 50. Qe4 Ba7 51. f5 gxf5 52. Rxf5 Rc6 53. Rg5+ Rg6
54. Rxg6+ fxg6 55. Rxa4 Qb5 56. Rb4 Qe8 57. Rb7 Bb8 58. b4 Qf7 59. Rxb8 1-0

[Event "9th Semana Santa Alicante"]
[Site "San Vicente ESP"]
[Date "2025.04.17"]
[Round "2.23"]
[White "Alonso Garcia, Aaron"]
[Black "De La Puerta Cresis, Javier"]
[Result "1-0"]
[WhiteTitle "IM"]
[BlackTitle "CM"]
[WhiteElo "2462"]
[BlackElo "2252"]
[WhiteFideId "24521060"]
[BlackFideId "2227401"]
[EventDate "2025.04.16"]

1. e4 c5 2. Nf3 e6 3. d4 cxd4 4. Nxd4 Nf6 5. Nc3 Nc6 6. Ndb5 Bc5 7. Bf4 O-O 8.
Bc7 Qe7 9. Bd6 Bxd6 10. Qxd6 Qd8 11. Be2 a6 12. Nd4 Ne7 13. O-O b5 14. a4 bxa4
15. Rxa4 Bb7 16. Nb3 Bc6 17. Rxa6 Rxa6 18. Bxa6 Nxe4 19. Nxe4 Bxe4 20. Nc5 Bc6
21. Bd3 Nc8 22. Qg3 Qb6 23. Qh4 h6 24. b4 d5 25. Qd4 Re8 26. Nb3 e5 27. Qc5 Qxc5
28. Nxc5 Nd6 29. Ra1 Bb5 30. Bxb5 Nxb5 31. Kf1 f6 32. f3 Rb8 33. Ra5 d4 34. Ke1
Nd6 35. Nd3 Kf7 36. Ra7+ Kg6 37. Ra6 Nc4 38. Rc6 Ne3 39. Nxe5+ Kf5 40. Nd3 Nxg2+
41. Kf2 Ne3 42. h4 Rb5 43. c4 Rb8 44. b5 g5 45. h5 g4 46. Rc5+ Ke6 47. fxg4
Nxg4+ 48. Kf3 f5 49. Rc6+ Ke7 50. Kf4 Rf8 51. b6 Nf6 52. Kxf5 Nxh5+ 53. Ke5 Nf6
54. Re6+ Kd7 55. Nc5+ Kc8 56. Rxf6 1-0

[Event "9th Semana Santa Alicante"]
[Site "San Vicente ESP"]
[Date "2025.04.17"]
[Round "2.24"]
[White "Domene Mulyukov, Alexander"]
[Black "Brodowski, Piotr"]
[Result "0-1"]
[WhiteTitle "FM"]
[BlackTitle "IM"]
[WhiteElo "2237"]
[BlackElo "2461"]
[WhiteFideId "24589802"]
[BlackFideId "1124480"]
[EventDate "2025.04.16"]

1. e4 c5 2. Nf3 Nc6 3. Bb5 Nf6 4. e5 Nd5 5. Nc3 Nc7 6. Bxc6 dxc6 7. h3 Bf5 8. d3
e6 9. Bg5 Qd7 10. Qe2 h6 11. Bh4 Nd5 12. O-O g5 13. Bg3 Nxc3 14. bxc3 O-O-O 15.
Nd2 h5 16. a4 Be7 17. a5 Rhg8 18. Ra4 Rg7 19. Nc4 Rdg8 20. Ne3 Bg6 21. Rb1 Kb8
22. Ra2 Ka8 23. Rab2 Rb8 24. Nc4 Qd5 25. Nb6+ axb6 26. c4 Qd4 27. axb6 Rd8 28.
Qe1 Kb8 29. Qa5 h4 30. Ra2 Kc8 31. Qa8+ Kd7 32. Qxb7+ Ke8 33. Qxc6+ Kf8 34. b7
hxg3 35. c3 gxf2+ 36. Rxf2 Qxe5 37. Ra2 Bd6 38. Qc8 Re8 39. Ra8 Bb8 40. Rba1 f6
41. Rxb8 Qxb8 42. Ra8 Qxb7 0-1

[Event "9th Semana Santa Alicante"]
[Site "San Vicente ESP"]
[Date "2025.04.17"]
[Round "2.25"]
[White "Jain, Kashish Manoj"]
[Black "Wan, Joseph"]
[Result "1/2-1/2"]
[WhiteTitle "FM"]
[BlackTitle "CM"]
[WhiteElo "2459"]
[BlackElo "2242"]
[WhiteFideId "35081098"]
[BlackFideId "2069890"]
[EventDate "2025.04.16"]

1. e4 e6 2. d4 d5 3. Nc3 Nf6 4. e5 Nfd7 5. f4 c5 6. Nf3 Nc6 7. Be3 a6 8. Qd2 b5
9. dxc5 Bxc5 10. Ne2 Qb6 11. Bxc5 Nxc5 12. Ned4 Bd7 13. Qe3 Qa5+ 14. c3 b4 15.
Nxc6 Bxc6 16. a3 Nb3 17. cxb4 Nxa1 18. bxa5 Nc2+ 19. Kf2 Nxe3 20. Kxe3 Ke7 21.
Nd4 Rhc8 22. b4 Ba4 23. Kd2 h5 24. Bd3 g6 25. g3 Kd7 26. h3 Rh8 27. Rc1 Rhc8 28.
Rh1 Rh8 29. Rc1 Rhc8 30. Rh1 1/2-1/2

[Event "9th Semana Santa Alicante"]
[Site "San Vicente ESP"]
[Date "2025.04.17"]
[Round "2.26"]
[White "Molina Carretero, Daniel"]
[Black "Zwirs, Nico"]
[Result "0-1"]
[WhiteTitle "CM"]
[BlackTitle "IM"]
[WhiteElo "2235"]
[BlackElo "2457"]
[WhiteFideId "32071914"]
[BlackFideId "1036432"]
[EventDate "2025.04.16"]

1. c4 e6 2. g3 d5 3. Nf3 dxc4 4. Qa4+ Nd7 5. Qxc4 Ngf6 6. Bg2 c5 7. Qc2 b6 8.
Nc3 Bb7 9. O-O Rc8 10. d3 Be7 11. e4 O-O 12. d4 b5 13. e5 Bxf3 14. exf6 Bxf6 15.
dxc5 Bxg2 16. Kxg2 Nxc5 17. Nxb5 Nd3 18. Nc3 Bxc3 19. bxc3 Qd5+ 20. f3 Rfd8 21.
Be3 Qe5 22. Bxa7 Rxc3 23. Qd2 Rdc8 24. Bf2 Qf5 25. Rad1 h5 26. Qe2 Nc1 27. Qe4
Qxe4 28. fxe4 Nxa2 29. Rd7 R8c7 30. Rd8+ Kh7 31. Kh3 Rc1 32. Rxc1 Rxc1 33. Kg2
Rc4 34. Kf3 e5 35. Ke3 Nb4 36. h3 Rc3+ 37. Kd2 Rc2+ 38. Ke3 Rc6 39. Kf3 Rc3+ 40.
Ke2 Nc6 41. Rd6 Rc2+ 42. Kf3 Na5 43. g4 Nc4 44. Rd7 hxg4+ 45. hxg4 Nd2+ 46. Ke3
Nf1+ 47. Kf3 Nh2+ 48. Kg3 Nxg4 49. Kxg4 Rxf2 50. Re7 f6 51. Ra7 Kg6 52. Ra4 Rd2 0-1

[Event "9th Semana Santa Alicante"]
[Site "San Vicente ESP"]
[Date "2025.04.17"]
[Round "2.27"]
[White "Zanan, Evgeny"]
[Black "Krawczyk, Flawian"]
[Result "1-0"]
[WhiteTitle "GM"]
[BlackTitle "CM"]
[WhiteElo "2454"]
[BlackElo "2240"]
[WhiteFideId "24101940"]
[BlackFideId "21881413"]
[EventDate "2025.04.16"]

1. e4 c5 2. Nf3 d6 3. Bb5+ Nd7 4. Ba4 Nf6 5. O-O e6 6. Qe2 a6 7. c4 Be7 8. Nc3
Qc7 9. d4 cxd4 10. Nxd4 O-O 11. Kh1 Ne5 12. Bb3 Nc6 13. Be3 Na5 14. f4 Bd7 15.
Bf2 Rac8 16. e5 Ne8 17. Nf5 Bd8 18. exd6 Nxd6 19. Nxd6 Qxd6 20. Rad1 Qc7 21. Bc2
g6 22. c5 Bf6 23. Ne4 Bg7 24. Nd6 Rcd8 25. b4 Nc6 26. a3 e5 27. f5 Nd4 28. Bxd4
exd4 29. f6 Bh6 30. Rxd4 Be6 31. Rh4 Bg5 32. Rh5 h6 33. Bxg6 fxg6 34. Qxe6+ Kh7
35. Rxg5 hxg5 36. Rf3 g4 37. Qxg4 Rxd6 38. Rh3+ Kg8 39. Qxg6+ 1-0

[Event "9th Semana Santa Alicante"]
[Site "San Vicente ESP"]
[Date "2025.04.17"]
[Round "2.28"]
[White "Mamedov, Edgar"]
[Black "Lozano Ramirez, Nestor Favian"]
[Result "1-0"]
[WhiteTitle "IM"]
[BlackTitle "FM"]
[WhiteElo "2453"]
[BlackElo "2239"]
[WhiteFideId "13739980"]
[BlackFideId "4412672"]
[EventDate "2025.04.16"]

1. d4 g6 2. e4 Bg7 3. Nf3 d6 4. Bd3 Nc6 5. c3 e5 6. h3 Nf6 7. O-O O-O 8. Re1 a5
9. a4 h6 10. Na3 exd4 11. cxd4 Nb4 12. Bb1 c6 13. Bf4 Be6 14. Qd2 Kh7 15. Nc2
Nxc2 16. Bxc2 Nh5 17. Bh2 Rc8 18. e5 Bd5 19. Qe3 c5 20. exd6 cxd4 21. Nxd4 Qh4
22. Nf5 gxf5 23. Bxf5+ Kg8 24. Bxc8 Rxc8 25. d7 Rf8 26. Bd6 Bd4 27. Qd2 Nf6 28.
Ra3 Rd8 29. Bg3 Qg5 30. Qxd4 Rxd7 31. Qf4 Qg6 32. Rae3 Bc6 33. Re5 Rd8 34. Rxa5
Nh5 35. Qh4 Nf6 36. Rae5 Rd2 37. b3 Rb2 38. R5e3 Kh7 39. Qd4 Rb1 40. Rxb1 Qxb1+
41. Kh2 Qf1 42. Qd3+ 1-0

[Event "9th Semana Santa Alicante"]
[Site "San Vicente ESP"]
[Date "2025.04.17"]
[Round "2.29"]
[White "Popvasilev, Kaloyan"]
[Black "Garrido Outon, Alex"]
[Result "0-1"]
[BlackTitle "IM"]
[WhiteElo "2233"]
[BlackElo "2450"]
[WhiteFideId "2919281"]
[BlackFideId "24516279"]
[EventDate "2025.04.16"]

1. e4 e5 2. Nf3 Nc6 3. Nc3 Nf6 4. Bb5 Bb4 5. d3 d6 6. O-O Bxc3 7. bxc3 O-O 8.
Re1 a6 9. Bxc6 bxc6 10. d4 Qe7 11. Ba3 Nd7 12. Qd3 Rb8 13. Rab1 Rb5 14. Rb3 Re8
15. c4 Ra5 16. c3 c5 17. d5 Nb6 18. Nd2 Ra4 19. Qc2 Qd7 20. Bc1 a5 21. a3 Ba6
22. Qb1 Rb8 23. f4 exf4 24. e5 dxe5 25. Rxe5 Bxc4 26. Nxc4 Rxc4 27. Qd3 Ra4 28.
c4 Re8 29. Bxf4 Rxc4 30. Rxb6 Rxf4 31. Qe3 Rf8 32. Rc6 Rc4 33. h3 g6 34. Rxc5
Rxc5 35. Qxc5 Rb8 36. Re7 Rb5 37. Qxc7 Qxc7 38. Rxc7 Rxd5 39. Ra7 Rf5 40. Kh2 h5
41. h4 Rf4 42. g3 Ra4 43. Kg2 Rxa3 44. Kh2 Kg7 45. Ra6 Kf8 46. Kg2 Ke7 47. Kf2
a4 48. Kg2 Kd7 49. Rf6 Ke7 50. Ra6 Kd7 51. Rf6 Rc3 52. Rxf7+ Kc6 53. Rf6+ Kb5
54. Rxg6 a3 55. Rg8 Rc6 56. Rb8+ Rb6 57. Re8 a2 58. Re1 Ka4 59. Re4+ Ka3 60.
Re3+ Rb3 61. Re1 Rb5 0-1